Bāpūjī. (Record no. 64118)
[ view plain ]
| 000 -LEADER | |
|---|---|
| fixed length control field | 00554cam a22002291 4500 |
| 001 - CONTROL NUMBER | |
| control field | sa 65005108 |
| 003 - CONTROL NUMBER IDENTIFIER | |
| control field | DLC |
| 005 - DATE AND TIME OF LATEST TRANSACTION | |
| control field | 20260227112135.0 |
| 008 - FIXED-LENGTH DATA ELEMENTS--GENERAL INFORMATION | |
| fixed length control field | 890525s1963 ii 000 0 telo |
| 010 ## - LIBRARY OF CONGRESS CONTROL NUMBER | |
| LC control number | sa 65005108 |
| 035 ## - SYSTEM CONTROL NUMBER | |
| System control number | (OCoLC)19766950 |
| 040 ## - CATALOGING SOURCE | |
| Original cataloging agency | DLC |
| Transcribing agency | WaU |
| Modifying agency | DLC |
| 042 ## - AUTHENTICATION CODE | |
| Authentication code | premarc |
| 050 00 - LIBRARY OF CONGRESS CALL NUMBER | |
| Classification number | PL4780.9.J6 |
| Item number | B3 |
| 100 1# - MAIN ENTRY--PERSONAL NAME | |
| Personal name | Joshua, Gurram, |
| Dates associated with a name | 1895-1971. |
| 245 10 - TITLE STATEMENT | |
| Title | Bāpūjī. |
| 260 ## - PUBLICATION, DISTRIBUTION, ETC. | |
| Date of publication, distribution, etc. | [1963] |
| 300 ## - PHYSICAL DESCRIPTION | |
| Extent | 67 p. |
| Dimensions | 18 cm. |
| 500 ## - GENERAL NOTE | |
| General note | In Telugu. |
| 500 ## - GENERAL NOTE | |
| General note | A poem. |
| 600 10 - SUBJECT ADDED ENTRY--PERSONAL NAME | |
| Personal name | Gandhi, |
| Titles and other words associated with a name | Mahatma, |
| Dates associated with a name | 1869-1948 |
| Form subdivision | Poetry. |
No items available.